000 00939nam a2200265 i 4500
003 DO-SdBNP
005 20230620150241.0
006 a||||er|||| 00| 0
007 ta
008 230620e2011 dr a|||| |||| 00| 0 spa d
040 _aDO-SdBNP
_bspa
_cBNPHU
_erda
082 4 _222
_bS684v
100 1 _974198
_aSolano, Vielka,
_d1960-
245 _aVivencia y soledad. /
_cVielka Solano; prólogo, Rafael P. Rodríguez; ilustración, Claudio Pacheco
264 1 _aSantiago de los Caballeroa, Santo Domingo :
_bDrapey,
_c2011
300 _a144 páginas :
_bIlustraciones ;
_c21 cm.
336 _2rdaconten
_atexto
_btxt
337 _2rdamedia
_asin medición
_bn
338 _2rdacarrier
_avolumen
_bnc
500 _aIncluye datos biográficos de la autora en la contracubierta
590 _aInventariado 2023 / MF
700 _912299
_aRodríguez, Rafael P,
_eprólogo
700 1 _aPacheco, Claudio,
_eilustraciones
_983563
942 _2ddc
_cLBS1
999 _c53869
_d53869